[Event "4NCL Division 2c"]
[Site "Telford, ENG"]
[Date "2018.05.06"]
[Round "10.44"]
[White "Granat, Russell G"]
[Black "Varnam, Liam D"]
[Result "1/2-1/2"]
[WhiteElo "2203"]
[BlackElo "2068"]
[PlyCount "107"]
[EventDate "2018.05.06"]
[WhiteTeam "Guildford 3"]
[BlackTeam "Grantham Sharks 2"]

1. e4 e5 2. Nf3 Nc6 3. Bb5 a6 4. Ba4 Nf6 5. O-O Nxe4 6. d4 b5 7. Bb3 d5 8. dxe5
Be6 9. c3 Bc5 10. Qe2 O-O 11. Bc2 Bf5 12. Be3 Bg4 13. Rd1 Bxf3 14. Qxf3 Nxe5
15. Qh5 Qf6 16. Bxe4 g6 17. Qe2 Bxe3 18. Bxd5 Bb6 19. Bxa8 Rxa8 20. Nd2 h5 21.
Rf1 Re8 22. a4 Re6 23. axb5 Ng4 24. Qf3 Qh4 25. Qg3 Qxg3 26. hxg3 axb5 27. Nf3
Re2 28. Nd4 Rxb2 29. Rab1 Rd2 30. Rxb5 Rd3 31. Rb3 Kg7 32. Rfb1 Bxd4 33. cxd4
Rxd4 34. Rc3 Rd7 35. Rbc1 Rd2 36. R3c2 Rd7 37. Rxc7 Rd2 38. R7c2 Rd5 39. Re2
Rd7 40. f3 Nh6 41. Kf2 Nf5 42. Rc4 Nh6 43. Rec2 Ra7 44. g4 hxg4 45. fxg4 Ra5
46. Kf3 Ra1 47. g5 Nf5 48. g4 Ra3+ 49. R2c3 Rxc3+ 50. Rxc3 Nd4+ 51. Ke4 Ne6 52.
Ke5 Nxg5 53. Rc7 Nf3+ 54. Kf4 1/2-1/2

[Event "4NCL Division 2c"]
[Site "Telford, ENG"]
[Date "2018.05.06"]
[Round "10.45"]
[White "Milson, Samuel A"]
[Black "Chavannes, Ivar"]
[Result "1/2-1/2"]
[WhiteElo "2105"]
[BlackElo "2122"]
[PlyCount "100"]
[EventDate "2018.05.06"]
[WhiteTeam "Grantham Sharks 2"]
[BlackTeam "Guildford 3"]

1. e4 c5 2. Nf3 d6 3. d4 cxd4 4. Nxd4 Nf6 5. Nc3 a6 6. Be2 e5 7. Nb3 Be6 8. Be3
Nbd7 9. a4 Qc7 10. a5 Rc8 11. O-O Be7 12. f3 O-O 13. Qd2 Bc4 14. Rfd1 Rfd8 15.
Qe1 Bxe2 16. Qxe2 Qc4 17. Qf2 Nc5 18. Nxc5 dxc5 19. g4 h6 20. h4 Rxd1+ 21. Rxd1
Rd8 22. Qe1 Qb4 23. g5 hxg5 24. hxg5 Nh7 25. Nd5 Qxe1+ 26. Rxe1 Bxg5 27. Bxc5
g6 28. b4 Kg7 29. c4 Bh4 30. Re3 Rc8 31. Rd3 Ng5 32. Nb6 Re8 33. Kg2 Ne6 34.
Be3 Be1 35. Nd5 Rc8 36. Rd1 Bh4 37. Nb6 Rd8 38. Rxd8 Nxd8 39. Bd2 Nc6 40. Nd7
Bd8 41. Nc5 Be7 42. Nd3 f6 43. Bc3 Kf7 44. Kf2 g5 45. Ke3 Ke6 46. c5 Kd7 47.
Nf2 Nd8 48. Kd3 Kc6 49. Kc4 Ne6 50. Nd3 Nf4 1/2-1/2

[Event "4NCL Division 2c"]
[Site "Telford, ENG"]
[Date "2018.05.06"]
[Round "10.46"]
[White "Punnett, Alan K"]
[Black "Kafka, Graeme"]
[Result "0-1"]
[WhiteElo "2063"]
[BlackElo "2053"]
[PlyCount "38"]
[EventDate "2018.05.06"]
[WhiteTeam "Guildford 3"]
[BlackTeam "Grantham Sharks 2"]

1. e4 c5 2. Nc3 Nc6 3. f4 g6 4. Nf3 Bg7 5. a3 e6 6. b4 d5 7. e5 Nge7 8. bxc5
Qa5 9. Nb5 O-O 10. Bb2 a6 11. Bc3 Qa4 12. Nbd4 Bd7 13. Nxc6 Qe4+ 14. Be2 Bxc6
15. O-O Qxf4 16. Nd4 Qg5 17. Kh1 Nf5 18. Nxc6 bxc6 19. d4 Ne3 0-1

[Event "4NCL Division 2c"]
[Site "Telford, ENG"]
[Date "2018.05.06"]
[Round "10.47"]
[White "Russian, Carlo"]
[Black "Shepley, Julien M"]
[Result "1/2-1/2"]
[WhiteElo "2004"]
[BlackElo "1986"]
[PlyCount "99"]
[EventDate "2018.05.06"]
[WhiteTeam "Grantham Sharks 2"]
[BlackTeam "Guildford 3"]

1. Nf3 d5 2. g3 Nf6 3. Bg2 e6 4. O-O Be7 5. d3 O-O 6. Nbd2 b6 7. e4 dxe4 8. Ng5
Bb7 9. Ndxe4 Nxe4 10. Nxe4 Kh8 11. Qh5 Qd5 12. Qxd5 Bxd5 13. Re1 Nd7 14. Bd2
Rad8 15. a4 a5 16. Bf4 Rc8 17. Bf1 e5 18. Nc3 Bb7 19. Bh3 Rcd8 20. Bxe5 Nxe5
21. Rxe5 Bf6 22. Re2 Bxc3 23. bxc3 Rfe8 24. Re3 Bc6 25. Bg2 Bd7 26. Bb7 g6 27.
Ba6 Kg7 28. Bc4 Rxe3 29. fxe3 Re8 30. Kf2 Re5 31. Bb3 Bh3 32. e4 f5 33. Re1
fxe4 34. dxe4 Kf6 35. Re3 Re7 36. Rf3+ Ke5 37. Ke3 Bd7 38. Rf4 c5 39. c4 Bc6
40. c3 Re6 41. Bc2 Rf6 42. h4 Bd7 43. Rxf6 Kxf6 44. Kf4 Be6 45. Bd3 Bd7 46. e5+
Kf7 47. Bc2 Be6 48. Bd3 Bd7 49. Be2 Be6 50. Bd3 1/2-1/2

[Event "4NCL Division 2c"]
[Site "Telford, ENG"]
[Date "2018.05.06"]
[Round "10.48"]
[White "Stimpson, Philip M"]
[Black "Munshi, Aditya"]
[Result "1/2-1/2"]
[WhiteElo "1922"]
[BlackElo "1986"]
[PlyCount "134"]
[EventDate "2018.05.06"]
[WhiteTeam "Guildford 3"]
[BlackTeam "Grantham Sharks 2"]

1. e4 c5 2. Nc3 Nc6 3. f4 g6 4. Nf3 Bg7 5. Bb5 Nd4 6. O-O a6 7. Bd3 d6 8. Nxd4
cxd4 9. Ne2 Nf6 10. c3 dxc3 11. bxc3 O-O 12. Bc2 b5 13. d3 Qc7 14. Bd2 Bb7 15.
Rb1 Nd7 16. Qe1 Nc5 17. Qh4 f5 18. exf5 gxf5 19. Rbe1 Qc6 20. Rf3 Rf6 21. Nd4
Qd7 22. Rh3 h6 23. Rg3 Kh7 24. Qh5 Qe8 25. Qxe8 Rxe8 26. Nxf5 Rxf5 27. d4 Ne4
28. Bxe4 Bxe4 29. Rxe4 e5 30. dxe5 dxe5 31. Rd3 Ref8 32. g4 R5f7 33. f5 Rc8 34.
Kf2 Rc6 35. Kf3 Bf6 36. Kg3 Rg7 37. h4 Rb6 38. Kh3 Rc6 39. Rg3 Rd7 40. Bxh6
Kxh6 41. g5+ Kg7 42. gxf6+ Kxf6 43. Reg4 Kxf5 44. Rf3+ Ke6 45. Rg6+ Kd5 46.
Rxc6 Kxc6 47. Kg4 Kc5 48. Kf5 Rf7+ 49. Ke4 Rh7 50. Rh3 Rh5 51. Kf3 Rf5+ 52. Kg4
Rf4+ 53. Kg5 Rf2 54. h5 e4 55. h6 Rf3 56. Kg4 Rf8 57. h7 Rh8 58. Kf4 Kd5 59.
Rh5+ Kc4 60. Kxe4 Kxc3 61. Kd5 Kb4 62. Kc6 Ka4 63. Kb6 a5 64. Rh4+ b4 65. Rh5
Rb8+ 66. Kc7 Rh8 67. Kb6 Rb8+ 1/2-1/2